000 00729cab a2200181 4500
001 ABS39249
008 090401t1988 xxu||||| |||| 00| 0 eng d
035 _a(Sirsi) u15427
041 _aeng
245 _aCo-ordinated project information : the background to its development
260 _c1988
350 _a0
490 _aBuilding Technology & Management
_v26(3) June/July 1988, 14
520 _aOutlines the background to the setting up of the CCPI in 1979, and its accompanying documentation, the common arrangement and five other documents: a guide and the principal conventions for specifications, drawings and measurement and SMM7 itself.
690 _aQuantity surveying
_96263
942 _n0
948 _c04/03/1997
999 _c10115
_d10115